| 000 | 01496ctm a2200277 i 4500 | ||
|---|---|---|---|
| 003 | SA-RiAUC | ||
| 005 | 20251218135344.0 | ||
| 008 | 251218s1986 su f m 00000 ara c | ||
| 040 |
_aSA-JeALM _bara _cSA-RiAUC _erda |
||
| 082 | 0 | 4 | _a251 |
| 090 |
_aر 251 _bس ل م |
||
| 100 | 1 |
_aالسلمي، عياضة بن نامي _d1373 هجري- _eمؤلف. |
|
| 245 | 1 | 0 |
_aنفائس الأصول في شرح المحصول. _cتأليف شهاب الدين أحمد بن إدريس القرافي ؛ دراسة وتحقيق عياضة بن نامى السلمي ؛ إشراف طه جابر فياض العلواني. _nالجزء الأول / |
| 264 | 0 |
_aالرياض : _bجامعة الإمام محمد بن سعود الإسلامية . _c1986 |
|
| 300 |
_a7 مجلد ؛ _c30 سم . |
||
| 336 |
_aنص _btxt _2rdacontent _3أطروحة |
||
| 337 |
_aبدون وسيط _bn _2rdamedia |
||
| 338 |
_aمجلد _bnc _2rdacarrier |
||
| 500 | _aأطروحة (دكتوراه)-جامعة الإمام محمد بن سعود الإسلامية ، 1406 هجري. | ||
| 502 | _aأطروحة (دكتوراه)-جامعة الإمام محمد بن سعود الإسلامية ، 1406 هجري. | ||
| 650 | 7 |
_aأصول الفقه الإسلامي _2aucsh |
|
| 700 | 1 |
_aالقرافي، أحمد بن إدريس بن عبد الرحمن، _d626-684 هجري _eمؤلف. |
|
| 700 |
_aالعلواني، طه جابر فياض _eمشرف . |
||
| 942 |
_2ddc _cTHESES _n0 |
||
| 949 |
_aSA-JeALM _d251218 _uosman123 _n1 |
||
| 999 |
_c13590 _d13590 |
||